| 000 | 00899nam a22002297a 4500 | ||
|---|---|---|---|
| 999 |
_c8837 _d8837 |
||
| 003 | AR-CdUCM | ||
| 008 | 190326b ||||| |||| 00| 0 spa d | ||
| 040 |
_aMUNICIPALIDAD PROVINCIAL DEL CUSCO _cBIBLIOTECA MUNICIPAL DEL CUSCO |
||
| 082 |
_a519.5 / _bM46 |
||
| 100 |
_aMaxwell, A. E. _924609 |
||
| 245 | _aAnálisis estadístico de datos cualitativos / | ||
| 260 |
_aMéxico : _bUteha, _c1966. |
||
| 300 |
_a212 páginas ; _c18 cm. |
||
| 440 |
_aManuales uteha _n222 _924610 |
||
| 505 | _aContenido : La prueba de "Ji" cuadrada -- Tablas de contingencia con mas de un grado de libertad -- Partición de los grados de libertad en tablas de contingencia -- Comprobación de desviaciones en tablas de contingencia ... | ||
| 650 |
_aAnálisis _92730 |
||
| 650 |
_aEstadístico _924611 |
||
| 650 |
_aCualitativo _920313 |
||
| 700 |
_aGaehd Garza, Ramon _924612 |
||
| 942 |
_2ddc _cLIBROS |
||
| 945 | _arah | ||